Cuentos de ciencia ficción : antología /

La característica central de todo relato de ciencia ficción radica siempre en una pregunta vinculada a un elemento científico o tecnológico. Por ejemplo: ¿qué sucedería si fuéramos capaces de viajar a otras galaxias?, ¿cómo sería el mundo si un Gran Hermano controlara la vida de todos los demás?, ¿q...

Descripción completa

Guardado en:
Autor Principal: Fernández, Adriana; comp.
Otros Autores: Palermo, Alejandro; dir., Dick, Philip., Bradbury, Ray., Asimov, Isaac., Fontanarrosa, Roberto., Valentino, Esteban., Gorodischer, Angélica., Oesterheld, Héctor Germán.
Formato: Libro
Idioma:Undetermined
Publicado: Buenos Aires : Estrada, 2008.
Edición:1a ed. 2a reimp.
Series:Azulejos. Verde ; 36
Materias:
Etiquetas: Agregar Etiqueta
Sin Etiquetas, Sea el primero en etiquetar este registro!
LEADER 02098nam a22003255a 4500
001 CEM.cems024910
008 251001s2008####ag############000#0#und#d
005 20251001155911.0
245 1 0 |a Cuentos de ciencia ficción :  |b antología /  |c Compilado por Adriana Fernández ; dirigido por Alejandro Palermo. 
250 |a 1a ed. 2a reimp. 
260 |a Buenos Aires :  |b Estrada,  |c 2008. 
300 |a 125 p. 
490 1 |a Azulejos. Verde ;  |v 36 
500 |a Con actividades de compresión de lectura. 
520 |a La característica central de todo relato de ciencia ficción radica siempre en una pregunta vinculada a un elemento científico o tecnológico. Por ejemplo: ¿qué sucedería si fuéramos capaces de viajar a otras galaxias?, ¿cómo sería el mundo si un Gran Hermano controlara la vida de todos los demás?, ¿qué ocurriría si los humanos establecieran contacto con seres inteligentes de otros planetas? La ciencia ficción es un género que goza de gran popularidad entre públicos de muy diversos tipos, que encuentran en él un excelente entretenimiento, pero también una invitación para reflexionar sobre problemas antiguos y nuevos que enfrenta la humanidad. 
505 0 |a La ciencia ficción -- Preguntas y respuestas -- El futuro ¿ya llegó? -- Una guía para curiosos -- Los cazadores cósmicos / Philip Dick -- El peatón / Ray Bradbury -- La última pregunta / Isaac Asimov -- Plebster y Orsi, del planeta Procyron / Roberto Fontanarrosa -- Los metales mudos / Esteban Valentino -- El Señor Caos / Angélica Gorodischer -- Una muerte / Héctor Germán Oesterheld 
020 |a 9789500109758 
100 1 |a Fernández, Adriana; comp. 
700 1 |a Palermo, Alejandro; dir. 
700 1 |a Dick, Philip. 
700 1 |a Bradbury, Ray. 
700 1 |a Asimov, Isaac. 
700 1 |a Fontanarrosa, Roberto. 
700 1 |a Valentino, Esteban. 
700 1 |a Gorodischer, Angélica. 
700 1 |a Oesterheld, Héctor Germán. 
653 |a Antología literaria 
653 |a Cuentos 
653 |a Ciencia ficción 
859 |a CEMS  |b BIB. CEMS - 11 de abril  |h 808.8  |i F365  |p 30405.25  |t Ej.1